40 años transformando la educación /

Bibliographic Details
Other Authors: Guevara Toledo, Carlos (Editor)
Format: Electronic eBook
Language:Spanish
Published: Cuenca, Ecuador : Universidad del Azuay, Casa Editora, [2024]
Edition:Primera edición.
Series:Homo (Universidad del Azuay, Casa Editora)
Subjects:
Online Access:Digitalia Hispánica

MARC

LEADER 00000nam a2200000 i 4500
001 DIGUAZUAY0282
003 NyNyDIG
007 cr |||||||||||
008 251212s2024 ec o ob 000 0 spa d
006 m o d
035 |a (OCoLC)1500710395 
040 |a DGITA  |b eng  |e rda  |e pn  |c DGITA 
020 |a 9789942670533  |q eBook 
020 |z 9789942670526 
043 |a s-ec--- 
050 1 4 |a LE46.A8 ebook 
245 0 0 |a 40 años transformando la educación /  |c compiladores, Carlos Guevara Toledo [and 5 others]. 
246 3 |a Cuarenta años transformando la educación  
250 |a Primera edición. 
264 1 |a Cuenca, Ecuador :  |b Universidad del Azuay, Casa Editora,  |c [2024] 
300 |a 1 online resource :  |b photographs. 
336 |a text  |b txt  |2 rdacontent 
337 |a computer  |b c  |2 rdamedia 
338 |a online resource  |b cr  |2 rdacarrier 
347 |a text file  |2 rdaft 
347 |b PDF 
490 1 |a Homo 
504 |a Includes bibliographical references. 
588 0 |a Online resource; title from PDF title page (Digitalia, viewed December 12, 2025) 
610 2 0 |a Universidad del Azuay.  |b Escuela de Educación Especial  |x History. 
650 0 |a Special education  |x Study and teaching (Higher)  |z Ecuador. 
700 1 |a Guevara Toledo, Carlos,  |e editor. 
791 2 |a Digitalia (Firm),  |e distributor. 
793 0 |g Digitalia eBook Collection:  |a Universidad del Azuay 
776 0 8 |i Print version:  |t 40 años transformando la educación.  |b Primera edición.  |d Cuenca, Ecuador : Universidad del Azuay, Casa Editora, [2024]  |z 9789942670526 
830 0 |a Homo (Universidad del Azuay, Casa Editora) 
856 4 0 |3 Digitalia Hispánica  |u https://www.digitaliapublishing.com/a/170511/ 
910 |a Premium collection: 2025